Les 100 transferts les plus chers de l'histoire du Football - Statistiques

Statistiques générales
  • Ce quiz a été pris 2 921 fois
    1 825 depuis la dernière actualisation
  • Le résultat moyen est 62 sur 100
Statistiques - réponses
Numéro Saison Venant de Allant à Montant du transfert Réponse % Correct
2 18/19 AS Monaco Paris Saint-Germain 180 000 000 € Kylian Mbappé
100%
1 17/18 FC Barcelone Paris Saint-Germain 222 000 000 € Neymar
100%
22 23/24 Paris Saint-Germain Al-Hilal 90 000 000 € Neymar
100%
24 13/14 Santos FC FC Barcelone 88 000 000 € Neymar
100%
9 18/19 Real Madrid Juventus Turin 117 000 000 € Cristiano Ronaldo
97%
20 09/10 Manchester United Real Madrid 94 000 000 € Cristiano Ronaldo
97%
7 19/20 Atlético Madrid FC Barcelone 120 000 000 € Antoine Griezmann
95%
3 17/18 Borussia Dortmund FC Barcelone 140 000 000 € Ousmane Dembélé
94%
4 17/18 Liverpool FC Barcelone 135 000 000 € Philippe Coutinho
90%
5 19/20 Benfica Lisbonne Atlético Madrid 127 200 000 € Joao Félix
89%
14 16/17 Juventus Turin Manchester United 105 000 000 € Paul Pogba
89%
17 23/24 Tottenham Bayern Munich 95 000 000 € Harry Kane
86%
16 13/14 Tottenham Real Madrid 101 000 000 € Gareth Bale
85%
8 21/22 Aston Villa Manchester City 117 500 000 € Jack Grealish
85%
15 23/24 Borussia Dortmund Real Madrid 103 000 000 € Jude Bellingham
85%
18 23/24 Eintracht Francfort Paris Saint-Germain 95 000 000 € Randal Kolo Muani
85%
10 23/24 West Ham United Arsenal 116 000 000 € Declan Rice
82%
12 19/20 Chelsea Real Madrid 115 000 000 € Eden Hazard
82%
26 19/20 Ajax Amsterdam FC Barcelone 86 000 000 € Frenkie de Jong
82%
13 21/22 Inter Milan Chelsea 113 000 000 € Romelu Lukaku
82%
29 17/18 FC Everton Manchester United 84 700 000 € Romelu Lukaku
82%
47 19/20 Manchester United Inter Milan 74 000 000 € Romelu Lukaku
82%
40 01/02 Juventus Turin Real Madrid 77 500 000 € Zinédine Zidane
80%
6 22/23 Benfica Lisbonne Chelsea 121 000 000 € Enzo Fernandez
78%
27 19/20 Ajax Amsterdam Juventus Turin 85 500 000 € Matthijs de Ligt
78%
59 22/23 Juventus Turin Bayern Munich 67 000 000 € Matthijs de Ligt
78%
30 17/18 Southampton Liverpool 84 650 000 € Virgil van Dijk
78%
34 22/23 AS Monaco Real Madrid 80 000 000 € Aurélien Tchouaméni
77%
42 15/16 VfL Wolfsburg Manchester City 76 000 000 € Kevin De Bruyne
76%
31 14/15 Liverpool FC Barcelone 81 720 000 € Luis Suarez
76%
19 22/23 Ajax amsterdam Manchester United 95 000 000 € Antony
74%
25 19/20 Leicester City Manchester United 87 000 000 € Harry Maguire
74%
28 21/22 Borussia Dortmund Manchester United 85 000 000 € Jadon Sancho
73%
38 19/20 LOSC Lille Arsenal 80 000 000 € Nicolas Pépé
73%
21 23/24 RB Leipzig Manchester City 90 000 000 € Josko Gvardiol
70%
11 23/24 Brighton Chelsea 116 000 000 € Moises Caicedo
70%
67 13/14 Napoli Paris Saint-Germain 64 500 000 € Edinson Cavani
68%
44 20/21 LOSC Lille Napoli 75 000 000 € Victor Osimhen
68%
35 22/23 Benfica Lisbonne Liverpool 80 000 000 € Darwin Nunez
67%
36 20/21 Bayer Leverkusen Chelsea 80 000 000 € Kai Havertz
67%
43 23/24 Chelsea Arsenal 75 000 000 € Kai Havertz
67%
23 16/17 Napoli Juventus Turin 90 000 000 € Gonzalo Higuain
66%
46 14/15 Real Madrid Manchester United 75 000 000 € Angel Di Maria
65%
74 15/16 Manchester United Paris Saint-Germain 63 000 000 € Angel Di Maria
65%
55 19/20 Atlético Madrid Manchester City 70 000 000 € Rodri
65%
49 18/19 AS Monaco Atlético Madrid 72 000 000 € Thomas Lemar
65%
53 22/23 Shakhtar Donetsk Chelsea 70 000 000 € Mykhaylo Mudryk
63%
58 18/19 Leicester City Manchester City 67 800 000 € Riyad Mahrez
63%
56 09/10 Inter Milan FC Barcelone 69 500 000 € Zlatan Ibrahimovic
63%
51 22/23 Real Madrid Manchester United 70 650 000 € Casemiro
62%
45 14/15 AS Monaco Real Madrid 75 000 000 € James Rodriguez
62%
37 19/20 Atlético Madrid Bayern Munich 80 000 000 € Lucas Hernandez
62%
50 20/21 Benfica Lisbonne Manchester City 71 260 000 € Ruben Dias
62%
32 21/22 Fiorentina Juventus Turin 81 600 000 € Dusan Vlahovic
60%
60 09/10 AC Milan Real Madrid 67 000 000 € Kaka
60%
84 22/23 Borussia Dortmund Manchester City 60 000 000 € Erling Haaland
59%
72 15/16 Liverpool Manchester City 63 700 000 € Raheem Sterling
59%
100 22/23 Manchester City Chelsea 56 200 000 € Raheem Sterling
59%
63 24/25 Benfica Lisbonne Paris Saint-Germain 65 000 000 € Gonçalo Ramos
58%
83 23/24 Stade Rennais Manchester City 60 000 000 € Jérémy Doku
58%
39 18/19 Athletic Bilbao Chelsea 80 000 000 € Kepa
58%
57 21/22 Inter Milan Paris Saint-Germain 68 000 000 € Achraf Hakimi
57%
54 22/23 Real Sociedad Newcastle United 70 000 000 € Alexander Isak
57%
41 20/21 FC Barcelone Juventus Turin 76 000 000 € Arthur
56%
90 00/01 FC Barcelone Real Madrid 60 000 000 € Luis Figo
56%
64 19/20 Sporting Club Portugal Manchester United 65 000 000 € Bruno Fernandes
55%
69 23/24 AC Milan Newcastle United 64 000 000 € Sandro Tonali
53%
88 16/17 Chelsea Shangai SIPG 60 000 000 € Oscar
52%
78 19/20 Olympique Lyonnais Tottenham 62 000 000 € Tanguy Ndombélé
52%
75 18/19 AS Roma Liverpool 62 500 000 € Alisson
51%
96 17/18 AS Monaco Manchester City 57 500 000 € Benjamin Mendy
51%
48 23/24 Atalanta Bergame Manchester United 73 900 000 € Rasmus Hojlund
50%
73 19/20 Eintracht Francfort Real Madrid 63 000 000 € Luka Jovic
49%
71 17/18 Borussia Dortmund Arsenal 63 750 000 € Pierre-Emerick Aubameyang
49%
89 15/16 AS Monaco Manchester United 60 000 000 € Anthony Martial
48%
65 19/20 Juventus Turin Manchester City 65 000 000 € Joao Cancelo
48%
95 22/23 Leeds United FC Barcelone 58 000 000 € Raphinha
48%
66 17/18 Atheltic Bilbao Manchester City 65 000 000 € Aymeric Laporte
47%
68 23/24 Chelsea Manchester United 64 200 000 € Mason Mount
47%
33 22/23 Leicester City Chelsea 80 400 000 € Wesley Fofana
47%
79 23/24 RB Leipzig Chelsea 60 000 000 € Christopher Nkunku
45%
61 17/18 Real Madrid Chelsea 66 000 000 € Alvaro Morata
44%
52 23/24 RB Leipzig Liverpool 70 000 000 € Dominik Szoboszlai
42%
85 20/21 Juventus Turin FC Barcelone 60 000 000 € Miralem Pjanic
41%
82 23/24 Zénith Saint-Pétersbourg Al-Hilal 60 000 000 € Malcom
40%
80 23/24 Sporting Club Portugal Paris Saint-Germain 60 000 000 € Manuel Ugarte
39%
93 10/11 Liverpool Chelsea 58 500 000 € Fernando Torres
38%
77 23/24 Wolverhampton Manchester City 62 000 000 € Matheus Nunes
37%
62 22/23 Brighton Chelsea 65 300 000 € Marc Cucurella
34%
70 18/19 Borussia Dortmund Chelsea 64 000 000 € Christian Pulisic
31%
86 18/19 RB Leipzig Liverpool 60 000 000 € Naby Keïta
31%
91 18/19 Shakhtar Donestk Manchester United 59 000 000 € Fred
30%
97 22/23 Ajax Amsterdam Manchester United 57 370 000 € Lisandro Martinez
30%
92 21/22 Brighton Arsenal 58 500 000 € Ben White
29%
94 22/23 Everton Tottenham 58 000 000 € Richarlison
29%
87 17/18 Chelsea Atlético Madrid 60 000 000 € Diego Costa
28%
98 18/19 Napoli Chelsea 57 000 000 € Jorginho
28%
81 23/24 FC Porto Al-Nassr 60 000 000 € Otavio
27%
76 23/24 Southampton Chelsea 62 100 000 € Roméo Lavia
24%
99 00/01 Parme Lazio Rome 56 810 000 € Hernan Crespo
15%
Aucun quiz correspondant
Distribution des résultats
% des personnes avec chaque résultat
Percentile par nombre de réponses
Votre historique - résultats
Vous n’avez pas pris ce quiz depuis la dernière actualisation